A Practical Approach to Planning Law (Record no. 114938)

MARC details
000 -LEADER
fixed length control field 00897cam a22002295a 4500
001 - CONTROL NUMBER
control field L157728
008 - FIXED-LENGTH DATA ELEMENTS--GENERAL INFORMATION
fixed length control field 130411s2013 xxk f 000 0 eng d
010 ## - LIBRARY OF CONGRESS CONTROL NUMBER
LC control number 711.026 BOW
020 ## - INTERNATIONAL STANDARD BOOK NUMBER
ISBN 9780199640072
035 ## - SYSTEM CONTROL NUMBER
System control number (Sirsi) u157728
041 0# - LANGUAGE CODE
Language code of text/sound track or separate title eng
050 04 - Library of Congress Classification
Class mark 711.026 MOO
100 1# - MAIN ENTRY--PERSONAL NAME
Personal author Moore, Victor
245 02 - TITLE STATEMENT
Title A Practical Approach to Planning Law
250 ## - EDITION
Edition statement 12th ed
260 ## - PUBLICATION INFORMATION
Place of publication Oxford
Publisher Oxford University
Date 2012
300 ## - PHYSICAL DESCRIPTION
Physical description liv, 741p, 25cm
520 ## - ABSTRACT
Abstract Provides a comprehensive and systematic account of the principles and practice of planning law, giving details of each stage of the planning process, from permission applications through to disputes and appeals. Contains coverage of recent cases and important legislative developments particularly those arising out of the Localism Act 2011.
651 #4 - SUBJECT ADDED ENTRY--GEOGRAPHIC NAME
Geographic name ENGLAND AND WALES
700 1# - ADDED PERSONAL NAME
Added personal author Purdue, Michael
942 ## - ADDED ENTRY ELEMENTS (KOHA)
Suppress in OPAC Do not suppress in OPAC
Holdings
Lost status Source of classification or shelving scheme Damaged status Not for loan Home library Current library Shelving location Date acquired Total Checkouts Full call number Date last seen Copy number Price effective from Koha item type
  Dewey Decimal Classification     London London Basement 11/04/2013   BASEMENT 06/08/2019 1 06/08/2019 Book